Sports Quiz

Random Sports Quiz
Score 0/74 Timer 15:00
0 Plays Today
Edizioni Nome % Correct
14Gino Bartali
87%
13Fausto Coppi
86.3%
13Francesco Moser
85.6%
14Aldo Moser
85.2%
14Mario Cipollini
84.2%
15Gilberto Simoni
81.5%
14Felice Gimondi
80.4%
13Giuseppe Saronni
78.5%
14Alessandro Petacchi
74.4%
13Marino Basso
73.7%
11Damiano Cunego
72.4%
14Stefano Garzelli
68.5%
11Pavel Tonkov
68%
12Claudio Chiappucci
64.2%
13Gianbattista Baronchelli
50.5%
11Michele Scarponi
49.1%
12Davide Rebellin
48.2%
15Andrea Noè
43.8%
13Marzio Bruseghin
42.9%
16Franco Bitossi
41.8%
13Domenico Pozzovivo
41.3%
16Roberto Conti
41.1%
18Wladimiro Panizza
39%
13Franco Chioccioli
36.8%
11Roberto Visentini
35.8%
13Matteo Tosatto
34.7%
13Wladimir Belli
34.5%
11Adam Hansen
34%
14Italo Zilioli
29.5%
11Franco Pellizotti
27.2%
11Marco Velo
26.7%
12Sylwester Szmyd
26.3%
14Mario Scirea
25.8%
12Guido Bontempi
24.4%
11Franco Balmamion
24.4%
16Pierino Gavazzi
23.7%
11Enrico Zaina
23.3%
Edizioni Nome % Correct
11Enrico Paolini
21.2%
11Fabio Baldato
18.9%
12Paolo Tiralongo
17.8%
11Alfredo Martini
17.8%
11Massimo Ghirotto
16.4%
11Ennio Vanotti
16.2%
12Hubert Dupont
14.4%
12Mariano Piccoli
14.4%
13Fabiano Fontanelli
13.9%
14Gianni Faresin
13.7%
12Pierino Baffi
13.2%
13Luca Mazzanti
13%
11Dmitri Konychev
12.6%
13Nino Defilippis
11.9%
14Alessandro Spezialetti
11.4%
12Giuseppe Calcaterra
11.4%
12Paolo Rosola
11.2%
13Bruno Leali
10.3%
12Davide Bramati
10.3%
11Giuseppe Petito
10%
12Massimo Codol
9.8%
11Paolo Fornaciari
9.8%
12Giacinto Santambrogio
7.5%
11Evgeni Petrov
7.5%
11Eros Capecchi
6.2%
12Marino Amadori
5.5%
11Alberto Volpi
5.5%
15Roberto Poggiali
4.8%
12Pasquale Fornara
4.1%
12Dario Andriotto
3%
12Rino Benedetti
3%
12Domenico Piemontesi
3%
11Alfredo Chinetti
2.1%
11Giovanni Rossignoli
2.1%
11Ezio Cecchi
0.9%
11Maurizio Piovani
0.9%
11Vincenzo Rossello
0.2%
Remove Ads.
Support Sporcle.
Get the best of Sporcle when you Go Orange. This ad-free experience offers more features, more stats, and more fun while also helping to support Sporcle. Thank you for becoming a member.

You're not logged in!

Compare scores with friends on all Sporcle quizzes.
OR
Log In

Sporcle TV

Today on Sporcle TV


Watch our educational content, quiz creation guides, and fun videos on Sporcle TV.

Show Comments

Extras

Top Quizzes Today


Score Distribution

Paid Content

Your Account Isn't Verified!

In order to create a playlist on Sporcle, you need to verify the email address you used during registration. Go to your Sporcle Settings to finish the process.

Report this User

Report this user for behavior that violates our Community Guidelines.

Details: